000 00765nam a2200193Ii 4500
003 JO-AjNU
008 230605s9999||||xx |||||||||||||| ||und||
040 _aJO-AjNU
_bara
_erda
_cJO-AjNU
041 _aara
050 1 4 _aPJ6145.I8272 1996
100 3 _aنور الدين، عصام,
_eauthor
_918100
245 0 0 _aحياة زكي نجيب الارسوزيّ حياه وآراؤه في السياسة واللغة
264 3 1 _aبيروت: دار الصداقة العربية، 1996
300 _a147ص
336 _atext
_btxt
_2rdacontent
337 _aunmediated
_bn
_2rdamedia
338 _avolume
_bnc
_2rdacarrier
650 4 _aاللغة العربية-حياة زكي نجيب الارسوزيّ حياه وآراؤه في السياسة واللغة
_918101
999 _aA5725
_c9293
_d9293